Ruch prawniczy, ekonomiczny i socjologiczny
Uložené v:
| Médium: | Seriál |
|---|---|
| Jazyk: | Polish |
| Vydavateľské údaje: |
Poznań
Wydawnictwo naukowe UAM
2006
|
| Predmet: | |
| Tagy: |
Žiadne tagy, Buďte prvý, kto otaguje tento záznam!
|
MARC
| LEADER | 00000nas2a22000001 4500 | ||
|---|---|---|---|
| 001 | 0109736 | ||
| 005 | 20100507145632.2 | ||
| 022 | |a 0035-9629 | ||
| 041 | 0 | |a pol | |
| 044 | |a PL | ||
| 245 | 1 | 0 | |a Ruch prawniczy, ekonomiczny i socjologiczny |
| 264 | 1 | |a Poznań |b Wydawnictwo naukowe UAM |c 2006 | |
| 773 | 0 | |w eu_un_cat*s120218 | |
| 610 | 2 | 0 | |a vedy spoločenské |